Ysabel: a novel (Record no. 62320)

MARC details
000 -LEADER
fixed length control field 00830nam a2200253 a 4500
001 - CONTROL NUMBER
control field 14535421
008 - FIXED-LENGTH DATA ELEMENTS--GENERAL INFORMATION
fixed length control field 160922s2007 ||||||||||||||||| || u
010 ## - LIBRARY OF CONGRESS CONTROL NUMBER
LC control number 2006028326
020 ## - INTERNATIONAL STANDARD BOOK NUMBER
International Standard Book Number 9780007342037
050 ## - LIBRARY OF CONGRESS CALL NUMBER
Classification number PR 9199.3.K39Y83
100 ## - MAIN ENTRY--PERSONAL NAME
Personal name Kay, Guy Gavriel
245 10 - TITLE STATEMENT
Title Ysabel: a novel
Statement of responsibility, etc. Guy Gavriel Kay.
260 ## - PUBLICATION, DISTRIBUTION, ETC.
Place of publication, distribution, etc. New York
Name of publisher, distributor, etc. Harper Voyager
Date of publication, distribution, etc. 2007
260 ## - PUBLICATION, DISTRIBUTION, ETC.
Place of publication, distribution, etc. New York
Name of publisher, distributor, etc. Roc
Date of publication, distribution, etc. 2007
300 ## - PHYSICAL DESCRIPTION
Extent 421 p.
350 ## - PRICE (NR) (BK AM CF MU VM SE) [OBSOLETE]
Price 8.67
650 #0 - SUBJECT ADDED ENTRY--TOPICAL TERM
Topical term or geographic name entry element PARANORMAL FICTION
650 #0 - SUBJECT ADDED ENTRY--TOPICAL TERM
Topical term or geographic name entry element CELTS - FICTION
650 #0 - SUBJECT ADDED ENTRY--TOPICAL TERM
Topical term or geographic name entry element Teenage boys - Fiction
650 #0 - SUBJECT ADDED ENTRY--TOPICAL TERM
Topical term or geographic name entry element AMERICANS -FRANCE -FICTION
650 #0 - SUBJECT ADDED ENTRY--TOPICAL TERM
Topical term or geographic name entry element AIX-EN-PROVENCE (FRANCE) - FICTION
650 ## - SUBJECT ADDED ENTRY--TOPICAL TERM
Topical term or geographic name entry element CATHE'DRAL D'AIX - EN-PROVENCE- FICTION
995 ## - RECOMMENDATION 995 [LOCAL, UNIMARC FRANCE]
-- CBU-MAIN LIBRARY (Kitwe)
-- 1
-- AVAILABLE
-- Sep 22, 2016
-- Fiction Collection
Holdings
Withdrawn status Lost status Source of classification or shelving scheme Damaged status Not for loan Home library Current library Shelving location Date acquired Total Checkouts Full call number Barcode Date last seen Price effective from Koha item type
          CBU-MAIN LIBRARY, KITWE. CBU-MAIN LIBRARY, KITWE.   11/30/2022   PR 9199.3.K39Y83 746796 11/30/2022 11/30/2022 MONOGRAPH